00506nam a2200193 a 4500001001300000003000900013005001700022008004100039020001000080082001300090100001700103245002200120260003500142300000900177500003500186505006400221650001000285700001700295nice12345678IN_TiNIC20260116011754.0050524s1943 hyda grp 000 0 urd  ac10000a160bAHM aAhmad, Ahsan aMantiq-E-Ibtedai. aHyderabadbJamia Osmaniac1943 a476p aincludes index and biblioraphy2 a2.khuda ka faisla, 3.dawat qaum,4.maktub arabi banam ulema. aLogic1 aAhmad, Ahsan